Переяславская земля, Х – первая половина ХІІІ века (Запис № 397657)
[ простий вигляд ]
| 000 -Лідер | |
|---|---|
| fixed length control field | 01008nam a22002777a 4500 |
| 001 - Контрольний номер | |
| control field | 111569 |
| 003 - Ідентифікатор контрольного номера | |
| control field | UA-OsUOA |
| 005 - Дата та час останнього входження (трансакції) | |
| control field | 20260401105733.0 |
| 007 - Фіксоване поле фізичного опису | |
| fixed length control field | ta |
| 008 - Елементи даних фіксованої довжини – загальна інформація | |
| fixed length control field | 20150526b un ||||| |||| 00| 0 ukr d |
| 020 ## - Міжнародний стандартний книжковий номер (ISBN) | |
| Міжнародний стандартний книжковий номер (ISBN) (НП) | 5120006639 |
| 040 ## - Джерело каталогізації | |
| Агенція оригінальної каталогізації | UA-OsUOA |
| Мова каталогізації | rus |
| Агенція, яка здійснювала перезапис | UA-OsUOA |
| Агенція, яка здійснювала модифікацію | UA-OsUOA |
| 041 ## - Код мови | |
| Код мови тексту/ звукової доріжки чи окремого заголовка (П) | rus |
| 080 ## - Індекс Універсальної десяткової класифікації | |
| Індекс Універсальної десяткової класифікації (УДК) (НП) | 94(477)"8/12" |
| 090 ## - Локальний шифр розміщення | |
| Класифікаційний індекс УДК | 94(477)"8/12" |
| Авторський знак (НП) | К66 |
| 100 ## - Основне введення – ім’я особи | |
| Ім’я особи (НП) | Коринный Н. Н. |
| 9 (RLIN) | 24315 |
| 110 ## - Наймення організації – загальна інформація | |
| Найменування колективу або юрисдикції як початковий елемент введення | Академия наук Украины |
| Структурний підрозділ | Институт истории Украины |
| 9 (RLIN) | 24316 |
| 245 ## - Відомості про назву | |
| Назва (НП) | Переяславская земля, Х – первая половина ХІІІ века |
| Дані про відповідальність (НП) | Н. Н. Коринный ; отв. ред. Ф. П. Шевченко |
| 260 ## - Публікація, розповсюдження і т.п. (Вихідні дані) | |
| Місце публікації, розповсюдження і т.п. (П) | К. |
| Ім’я/ наймення видавництва, розповсюджувача і т.п. (П) | Наукова думка |
| Дата публікації, розповсюдження і т.п. (П) | 1992 |
| 300 ## - Фізичний опис | |
| Обсяг | 312 с. |
| 650 #7 - Додаткове предметне введення – тематичний термін | |
| Тематичний термін чи географічна назва, як елемент введення (НП) | 94(477) Історія України |
| Джерело заголовка чи терміна | UDC |
| 9 (RLIN) | 40 |
| 700 1# - Додаткове введення – ім'я особи | |
| Ім’я особи (НП) | Шевченко Ф. П. |
| Термін відношення | ред. |
| 9 (RLIN) | 20694 |
| 942 ## - Додаткові елементи входу (Коха) | |
| Тип елемента Koha | Книги |
| Source of classification or shelving scheme | Universal Decimal Classification |
| 955 ## - Код типу видання за змістом | |
| Код типу видання за змістом (НП) | Наукові видання |
| Стан вилучень | Стан втрат | Джерело класифікації або схеми стелажів | Стан уражень | Не для кредиту | Постійне місце розташування | Поточне розміщення | Дата придбання | Джерело придбання | Вартість, звичайна ціна покупки | Інвентарний номер | Усього замовленно | Штрих-код | Дата останнього перегляду | Ціна ефективна від | Тип елемента Koha | Код колекції | Повний номер виклику | Вартість, ціна заміни |
|---|---|---|---|---|---|---|---|---|---|---|---|---|---|---|---|---|---|---|
| Universal Decimal Classification | АБ - Абонемент НБ | АБ - Абонемент НБ | 06/03/2026 | 08/02.03.2026 | 20.00 | 169487 | 06/03/2026 | 06/03/2026 | Книги | Колекція Шевчука Валерія | 94(477)"8/12" К66 | 20.00 | ||||||
| Universal Decimal Classification | ЧЗ - Читальна зала | ЧЗ - Читальна зала | 26/05/2015 | 22/2015 | 20.00 | 148114 | 148114 | 07/02/2022 | 26/05/2015 | Книги |